[Event "Women-Veterans"]
[Site "Prague"]
[Date "1995.??.??"]
[Round "6"]
[White "Polgar, Zsuzsa"]
[Black "Hort, Vlastimil"]
[Result "1-0"]
[WhiteElo "2565"]
[BlackElo "2560"]
[Annotator "Ftacnik,L"]
[PlyCount "89"]
[EventDate "1995.07.??"]
[EventType "schev"]
[EventRounds "5"]
[EventCountry "CZE"]
[Source "ChessBase"]
[SourceDate "1995.10.01"]

1. d4 Nf6 2. c4 g6 3. Nc3 d5 4. Nf3 Bg7 5. cxd5 Nxd5 6. e4 Nxc3 7. bxc3 c5 8.
Rb1 O-O 9. Be2 Qa5 10. O-O Qxa2 11. Bg5 Qe6 12. Qc2 (12. Qd3 $5 b6 (12... Nd7
13. Qe3 Nf6 14. Ne5 $1 $44) 13. d5 $1 Qd6 14. e5 $1 $8 (14. Qe3 e5 $17) 14...
Bxe5 15. Nxe5 Qxe5 16. Qd2 $1 Qd6 $8 (16... Nd7 $5 17. Bf3 Qd6 18. Rfe1 f6 19.
Re6 fxg5 20. Rxd6 exd6 21. Re1 a5 $1 $13) 17. Qe3 $1 Re8 18. Bf3 Nd7 (18... e5
$2 19. dxe6 Rxe6 20. Rbd1 $1 $18) 19. Rfe1 (19. Bf4 Qf6 20. Bg5 (20. d6 Rb8 21.
Rbd1 (21. dxe7 $2 Rxe7 22. Qd2 Ne5 23. Bg5 Nxf3+ 24. gxf3 Rd7 $1 25. Qxd7 Qxg5+
$19) 21... e5 $2 (21... e6 $1 22. Bc6 Qd8 23. Rfe1 Bb7 24. Bg5 f6 25. Bxd7 Qxd7
26. Bxf6 Bd5 27. Be5 $44) 22. Bg5 Qg7 23. Bh6 Qf6 24. Bc6 $16 {Shirov,
K-Akopian,V/Tbilisi/1989/1-0 (32)})) 19... Nf6 $8 20. c4 $5 (20. Bf4 $5 Qd7 $8
21. c4 $1 $44) 20... Bf5 21. Ra1 $2 (21. Rbd1 $1 Bg4 $3 22. Bxf6 $8 Bxf3 23.
Be5 Bxd1 $1 $8 24. Bxd6 exd6 25. Qc3 Be2 26. f3 b5 $1 27. cxb5 Bxb5 28. Rxe8+
Rxe8 29. Qf6 Re1+ 30. Kf2 Re2+ 31. Kg3 c4 32. Qxd6 a6 $14) 21... a6 $2 (21...
e5 $1 22. dxe6 Rxe6 23. Bxa8 Rxe3 24. fxe3 $44) 22. Bf4 $1 Qd7 23. h3 $1 h5 24.
Be5 Kh7 $6 25. Qf4 Rg8 $2 26. Qg5 $1 $18 {Epishin,V-Khenkin,I/Barnaul/1988/1-0
(30)}) 12... b6 (12... cxd4 13. cxd4 b6 14. Bc4 Qd7 15. Rfd1 Bb7 16. d5 Na6 17.
Bb5 Qd6 18. Qe2 Nc5 19. e5 Qd8 20. d6 f6 21. Be3 Bxf3 22. Qxf3 fxe5 23. Qxa8
Qxa8 24. dxe7 Rc8 25. Bc4+ Kh8 26. Bg5 $36 {Rastenis,G-Razhauskas/USSR/1984/
1-0 (36)}) (12... Nd7 13. Bh4 (13. e5 Nb6 14. Rb5 cxd4 15. Nxd4 Qd7 16. Ra1 Qc7
17. Raa5 Bd7 18. Rc5 Bc6 19. e6 f5 20. Bb5 Bxd4 21. cxd4 Rfc8 22. Bxc6 bxc6 23.
Rxf5 $40 {Jeschonnek,V-Bogdanovic,R/Baden Baden op/1988/0-1 (36)}) 13... h6 14.
h3 Rd8 15. Kh1 Nf6 16. e5 Nd5 17. Bc4 Qf5 18. Qxf5 Bxf5 19. Rxb7 g5 20. Bg3 e6
21. Bxd5 Rxd5 22. Ra1 Be4 23. Raxa7 Rxa7 24. Rxa7 Bxf3 25. gxf3 cxd4 26. cxd4
Rxd4 $10 {Zvolanek,Li-Tobyas,M/CZE-chT9394/1994/0.5 (55)}) 13. d5 Qd6 14. e5 {
This push is quite often a sacrifice in Gruenfeld positions.} Qxd5 (14... Bxe5
15. Nxe5 Qxe5 16. Qd2 $1 {Leads to the position from the game Epishin-Khenkin.}
) 15. Bxe7 Bf5 16. Qa4 Rc8 (16... Bxb1 17. Bxf8 Bd3 (17... Bxf8 18. Rxb1 $40)
18. Bxd3 (18. Bxg7 $2 Bxe2 19. Bf6 Nd7 20. Qf4 Nxf6 21. exf6 g5 $1) 18... Qxd3
19. Bxg7 Kxg7 20. Rd1 $40) 17. Rbd1 Qb7 18. Bd8 $1 h6 (18... Nc6 19. Ba6 $1 {
[%csl Rb7] Rather unusual problem for the black Q, she has no squares in the
heart of her own territory.} Bc2 20. Qa2 Qb8 21. Rd7 Nxd8 22. Qxc2 Rc7 23. Rfd1
$16) (18... Nd7 19. Ba6 Qb8 20. Bxc8 Qxc8 21. Bg5 $16) 19. Rfe1 a6 20. Qh4 Nd7
21. Bf6 Re8 (21... g5 22. Nxg5 Nxf6 (22... hxg5 23. Qxg5 Bg6 24. Bxg7 Kxg7 25.
Bf3 Qc7 26. e6 $36) 23. exf6 Bxf6 24. Qxh6 Bg7 25. Qh4 $40) (21... Nxf6 22.
exf6 Bf8 23. Ne5 $40) 22. Bc4 Be6 (22... g5 23. Qh5) 23. Bxg7 Kxg7 (23... Bxc4
$4 24. Qxh6) 24. Rd6 {[%cal Yd6a6,Yd6h6] The essence of this move lays in the
fact, that potentially all pieces along the 6th rank are targets.} Nf8 (24...
Bxc4 25. Qxc4) 25. Bd3 Qc7 (25... Qe7 26. Qxe7 Rxe7 27. Rxb6 $14) 26. Qf4 b5
27. h4 Qe7 28. h5 g5 29. Qe3 Rec8 (29... c4 30. Be4 Ra7 31. Nd4 {/\ f4}) 30.
Nd2 c4 31. Bc2 a5 32. Ne4 b4 33. f4 $1 b3 $6 (33... gxf4 34. Qxf4 b3 35. Bb1
Nd7 36. Re3 $40) (33... Nh7 $5) 34. fxg5 $1 {[%csl Rg7] If there is any
situation when time plays a role it certainly is this one. White has no means
to stop advance of a and bP so he has to play his Kside attack card.} bxc2 (
34... hxg5 35. Bb1 $40 (35. Nf6 $5 Qa7 $1 (35... bxc2 36. Qxg5+ Ng6 37. hxg6
Qa7+ (37... fxg6 38. Nh5+ Kf7 39. Rf1+ Ke8 40. Ng7+ Qxg7 41. Rxe6+ $18) 38. Kf1
Rh8 39. gxf7+ Kxf7 40. Nh5 $18) 36. Rd4 bxc2 37. Qxg5+ Ng6 38. hxg6 fxg6 $13))
35. gxh6+ Kh8 (35... Kh7 36. Nf6+ Kh8 37. Qg5 Ng6 38. hxg6 fxg6 39. Qxg6 $18)
36. Qg3 Ng6 (36... f6 $5 37. exf6 Qa7+ 38. Kh1 Rc7 $13) 37. hxg6 fxg6 38. Qxg6
Rg8 $2 (38... Bg8 39. Nf6 $18) 39. Qxe6 Qxe6 40. Rxe6 {[%csl Ya5,Yc2] Perfect
example of a shattered dream, black is a piece down and the marching P are not
connected any more.} a4 41. Nf6 Rg6 (41... a3 42. Nxg8 a2 43. Nf6 a1=Q 44. Re8+
Rxe8 45. Rxa1 Rd8 46. Kf2 c1=Q 47. Rxc1 Rd1 48. Ne4 Rxc1 49. e6 $18) 42. Rc1 a3
43. Rxc2 Rxh6 (43... a2 44. Rxa2 Rxa2 45. Re8+) 44. Ra2 Ra7 45. Rc6 1-0

[Event "Oslo m rapid"]
[Site "Oslo"]
[Date "1996.??.??"]
[Round "3"]
[White "Agdestein, Simen"]
[Black "Polgar, Zsuzsa"]
[Result "0-1"]
[WhiteElo "2600"]
[BlackElo "2565"]
[PlyCount "42"]
[EventDate "1996.??.??"]
[EventType "match (rapid)"]
[EventRounds "6"]
[EventCountry "NOR"]
[Source "ChessBase"]
[SourceDate "1997.11.17"]

1. d4 d5 2. c4 e6 3. Nc3 c6 4. e3 Nf6 5. b3 Nbd7 6. Bb2 Bd6 7. Qc2 O-O 8. O-O-O
a5 9. Nf3 a4 10. Nxa4 dxc4 11. bxc4 b5 12. cxb5 cxb5 13. Bxb5 Ba6 14. Bxa6 Rxa6
15. Nd2 Qa8 16. Nc3 Rc8 17. Ndb1 Rxa2 18. Rd3 Nd5 19. Qb3 Nb4 20. Rd2 Qxg2 21.
Rhd1 Qb7 0-1

[Event "Wch (Women)"]
[Site "Jaen"]
[Date "1996.??.??"]
[Round "1"]
[White "Polgar, Zsuzsa"]
[Black "Xie, Jun"]
[Result "0-1"]
[WhiteElo "2550"]
[BlackElo "2530"]
[Annotator "Horn,Pe"]
[PlyCount "120"]
[EventDate "1996.01.??"]
[EventType "match"]
[EventRounds "16"]
[EventCountry "ESP"]
[Source "ChessBase"]
[SourceDate "1996.06.01"]

1. g3 g6 2. Bg2 Bg7 3. e4 e5 4. Ne2 Nc6 5. c3 Nge7 $5 {Schwarz sucht schon
früh nach Verwicklungen.} (5... d6 6. d4 Nf6 7. O-O O-O 8. h3 {wäre eine
ruhige Alernative.}) 6. d4 exd4 7. cxd4 d5 8. e5 f6 9. f4 O-O 10. O-O Bg4 11.
Nbc3 fxe5 12. fxe5 $6 {Hiernach entfaltet Schwarz auf der f-Linie eine leichte
Initiative. Die Alternative sieht für mich logischer aus, da das weiße Spiel
hauptsächlich gegen d5 zielt. Allerdings waren hier die Konsequenzen des
Vormarschs des Pd5 nicht einfach abzuschätzen.} (12. dxe5 $5 d4 13. Ne4 d3 14.
Qb3+ Kh8 15. N2c3 $14) 12... Rxf1+ 13. Qxf1 Qd7 14. h3 (14. Qd1 Rf8 15. Bf4 $10
{/\ Qd2}) 14... Rf8 15. Nf4 g5 16. hxg4 gxf4 17. gxf4 Qxg4 (17... Nxd4 $2 18.
Qd1 c5 19. Be3 $16) 18. Qe2 (18. Be3 Nb4 19. Qd1 Qg3 (19... Qxd1+ 20. Rxd1 c6
21. Kf2 $14) 20. Qd2 Ng6 21. Ne2 (21. a3 $4 Nh4 $19) 21... Qg4 $36) 18... Qg3 (
18... Qxe2 $2 19. Nxe2 Nb4 20. Bd2 Nd3 $6 (20... Na6 $14) 21. Rf1 c6 22. Rf3
$16) 19. Qf2 $2 (19. Be3 Bh6 20. Qf2 Qg4 (20... Qxf2+ 21. Bxf2 $14) 21. Qe2 (
21. Rf1 Nxd4 $5 22. Kh2 (22. Qd2 c5 $10) (22. Bxd4 $4 Rxf4 $19) 22... Ng6 (
22... Ne6 23. Nxd5 Nxd5 24. Bxd5 Kh8 25. Bxe6 Qxe6 26. Qh4 Bg7 $10) 23. Nxd5
Nxf4 24. Bxd4 Qh5+ 25. Kg3 Qg6+ $10) 21... Qg3 $10 (21... Qxe2 22. Nxe2 Nb4 23.
Rd1 c6 24. Bd2 Na6 25. Kf2 Ng6 26. Kg3 $14)) 19... Qxf2+ 20. Kxf2 Nxd4 21. Nxd5
Ng6 22. Nc3 c6 (22... Bxe5 23. Bxb7 Nxf4 24. Bxf4 Rxf4+ 25. Kg2 Nc2 26. Rg1
Rg4+ 27. Kh1 Rxg1+ 28. Kxg1 Bxc3 $1 (28... Kg7 29. Nb5 $15) 29. bxc3 Ne3 $19)
23. Be3 (23. Kg3 Bh6 {[%csl Rf4]}) 23... Bxe5 (23... Nc2 24. Rd1 Nxf4) 24. Rd1
Nxf4 (24... Nc2 25. Bxa7 Rxf4+) 25. Bxf4 (25. Bxd4 Bxd4+ 26. Rxd4 Ne6+ 27. Ke3
Nxd4 28. Kxd4 Rf2 $19) 25... Rxf4+ 26. Ke3 Nf5+ 27. Kd3 Rg4 28. Bh3 Rd4+ 29.
Ke2 Rxd1 30. Nxd1 Nd6 31. b4 Kg7 32. a4 Kf6 (32... Bd4 33. Kd3) 33. Nf2 Bd4 34.
Nd3 b6 35. Nf4 c5 36. Nd5+ Ke5 37. bxc5 bxc5 38. Ne7 a6 39. a5 Nc4 40. Nc6+ Kd6
41. Nb8 Kc7 (41... Nxa5 $142) 42. Nxa6+ Kb7 43. Nxc5+ $1 Bxc5 44. a6+ $1 Kb6 (
44... Kxa6 $2 45. Bf5 h6 46. Bd3 $10) 45. Kd3 $2 (45. Bc8 $142 $10) 45... Nd6
46. Ke2 Kxa6 47. Kf3 Kb6 48. Be6 Kc7 49. Kg4 Kd8 50. Kh5 Be3 51. Bg8 h6 52. Bb3
Ke7 53. Kg6 Ne4 54. Bd1 Ke6 55. Bg4+ Ke5 56. Bd1 Bg5 57. Be2 Kf4 58. Bd1 Ng3
59. Ba4 h5 60. Bd7 h4 0-1

[Event "Wch (Women)"]
[Site "Jaen"]
[Date "1996.??.??"]
[Round "10"]
[White "Xie, Jun"]
[Black "Polgar, Zsuzsa"]
[Result "1/2-1/2"]
[WhiteElo "2530"]
[BlackElo "2550"]
[Annotator "Ftacnik,L"]
[PlyCount "91"]
[EventDate "1996.01.??"]
[EventType "match"]
[EventRounds "16"]
[EventCountry "ESP"]
[Source "ChessBase"]
[SourceDate "1996.06.01"]

1. e4 e5 2. Nf3 Nc6 3. Bb5 a6 4. Ba4 Nf6 5. O-O Nxe4 6. d4 b5 7. Bb3 d5 8. dxe5
Be6 9. Nbd2 Nc5 10. c3 Be7 11. Bc2 d4 12. Ne4 d3 (12... Bd5 13. Nxc5 Bxc5 14.
Nxd4 Bxd4 15. cxd4 Bc4 16. Be4 Qd7 17. Re1 O-O 18. Qh5 g6 19. Qh4 f5 20. exf6
Rae8 21. Bh6 Rf7 22. b3 Qe6 23. bxc4 Nxd4 24. Re3 Qxf6 25. Qxf6 Rxf6 26. Bd5+
Ne6 27. Rae1 {1-0 Tarrasch,S-Post,E/DSB-19.Kongress Mannheim (06) ;HCL 20 1914}
) (12... dxc3 13. Nxc5 Bxc5 14. Be4 Qd7 15. Qc2 (15. bxc3 Rd8 16. Qxd7+ Bxd7
17. Rd1 Nb8 (17... Ne7 18. Nd4 h6 19. Nb3 Bb6 20. Ba3 h5 21. Rd3 Bg4 22. Rxd8+
Kxd8 23. Nc5 Rh6 24. h3 Bc8 25. Rd1+ Ke8 26. Kf1 g5 27. Nd3 f5 28. exf6 Rxf6
29. Re1 Be6 30. Bf3 Rh6 31. Bxh5+ Kd7 32. Bg4 {Capablanca,J-Chajes,O/New York 
(05) ;HCL 27 1915/1-0 (48)}) 18. Nd4 Be7 19. Be3 O-O 20. Rd2 c5 21. Nb3 Rc8 22.
Rad1 Bg4 23. f3 Be6 24. f4 g6 25. h3 c4 26. Nd4 Bc5 27. Kf2 Bd7 28. Nc2 Bxe3+
29. Kxe3 Bc6 {Capablanca,J-Hodges,A/New York Rice prel (08) ;HCL 41 1916/1-0 
(40)}) 15... Bd5 16. bxc3 Rd8 17. Bg5 Bxe4 18. Qxe4 Ne7 19. Bxe7 Bxe7 20. Qb7
Qc8 21. Qc6+ Qd7 22. Qxa6 O-O 23. Nd4 Rb8 24. Qc6 Rfd8 25. Rfb1 Qd5 26. Qxd5
Rxd5 27. Nc6 {Capablanca,J-Chajes,O/New York Rice prel (04) ;HCL 41 1916/1-0 
(60)}) 13. Nxc5 dxc2 14. Qxd8+ Rxd8 (14... Nxd8 15. Nxe6 Nxe6 16. Be3 $16) 15.
Nxe6 fxe6 16. Be3 (16. Bf4 Rf8 17. Bg3 g5 18. h3 Rxf3 19. gxf3 b4 20. Rfc1 Rd2
21. Kf1 bxc3 22. bxc3 Ba3 $17 {Cuijpers,F-Pieper Emden,C/BL2-W 8990 (1990) ;
BL2 1990/1/2-1/2 (56)}) 16... Rd5 17. Rac1 (17. Rfc1 Nxe5 18. Nxe5 Rxe5 19.
Rxc2 O-O 20. c4 Bc5 21. cxb5 Bxe3 22. fxe3 axb5 23. Rxc7 Rxe3 24. Rd1 h6 25. h3
Rf5 26. Rd2 Kh7 {1/2-1/2 Luther,T-Beckemeyer,W/BL 9091 (1990) ;BL 90 1991})
17... Nxe5 18. Nxe5 Rxe5 19. Rxc2 Kf7 (19... Kd7 20. Bd4 Rg5 21. Rd2 Rd5 22.
Re2 Bf6 23. Re4 Bxd4 24. cxd4 $14) (19... O-O 20. c4 $14) 20. c4 (20. Bf4 Rc5
21. Rd2 Rd8 22. Rxd8 Bxd8 23. Rd1 Rd5 24. Rc1 c5 25. Kf1 Bf6 26. Ke2 c4 27. Bc7
Kg6 28. Rd1 Rxd1 29. Kxd1 Kf5 30. Ke2 h5 31. Bd6 Ke4 32. f3+ Kd5 33. Bc7 g6 34.
g3 Bg5 {Borriss,M-Pieper Emden,C/Budapest Cansys IM-A (01) ;EXT 91 1991/1/2-1/
2 (47)}) 20... b4 (20... Rc8 21. Rfc1 Bd6 22. g3 Ra8 23. c5 Be7 24. Bf4 Rd5 25.
Bxc7 Rc8 26. Bb6 Rc6 27. b4 Rd4 28. Rb1 Bf6 29. Kf1 e5 30. Ke2 Ke6 31. Rd2 e4
32. Rc2 Kd5 33. f3 exf3+ 34. Kxf3 Re6 35. Rb3 {Akopian,V-Daniliuk,S/St.
Petersburg op ;TD 93\09 1993/1/2-1/2 (83)}) (20... Bd6 $5) 21. Rd1 Rd8 22. Rxd8
Bxd8 23. Kf1 Bg5 24. Ba7 Rf5 25. Ke2 Ke8 26. Kd3 Kd7 27. f3 c5 28. Re2 Be7 29.
Bb8 a5 30. Ke4 Kc6 31. Be5 g6 32. g4 Rf8 33. Rd2 a4 34. Bg3 h5 35. Rd3 hxg4 36.
fxg4 Rf1 37. b3 a3 38. Rd2 g5 39. Rd3 Ra1 40. Rd2 Rb1 41. Ke5 Rb2 42. Be1 Bd8
$1 (42... Rb1 43. Bf2 Rb2 44. Be3 $16) 43. Rd6+ (43. Rxd8 Re2+ 44. Kf6 Rxe1 45.
Kxg5 (45. Rd2 $2 Rb1 {/\Rb2}) 45... Re2 46. Kf6 $13) 43... Kc7 (43... Kb7 $2
44. Rxd8 Rxa2 (44... Re2+ 45. Kd6 Rxe1 46. Kxc5 $16) 45. Kd6 Re2 46. Kxc5 Rxe1
47. Rd2 Rb1 48. Kxb4 Rb2 49. Rd7+ Kc6 50. Kxa3 $18) 44. Rd2 Kc6 45. Rd6+ Kc7
46. Rd2 1/2-1/2

[Event "NED-chT sf1"]
[Site "Breda"]
[Date "1997.??.??"]
[Round "1"]
[White "Polgar, Zsuzsa"]
[Black "Bosman, Michiel"]
[Result "1-0"]
[WhiteElo "2565"]
[BlackElo "2300"]
[PlyCount "47"]
[EventDate "1997.05.30"]
[EventType "team"]
[EventRounds "1"]
[EventCountry "NED"]
[Source "ChessBase"]
[SourceDate "1997.07.29"]
[WhiteTeam "Hilversum HSG"]
[BlackTeam "Leiden LSG"]
[WhiteTeamCountry "NED"]
[BlackTeamCountry "NED"]

1. e4 e6 2. d4 d5 3. Nc3 Bb4 4. Nge2 Nf6 5. Bg5 dxe4 6. a3 Be7 7. Bxf6 gxf6 8.
Nxe4 f5 9. N4c3 c6 10. g3 b6 11. Bg2 Bb7 12. Nf4 Nd7 13. Qe2 Nf6 14. O-O-O Qd7
15. Nd3 Nd5 16. Bxd5 cxd5 17. Ne5 Qc7 18. Nb5 Qd8 19. Rhe1 O-O 20. g4 f4 21.
Rd3 f6 22. Nc6 Bxc6 23. Qxe6+ Rf7 24. Qxc6 1-0

[Event "Dream Team Challenge"]
[Site "Saltwater"]
[Date "2004.02.14"]
[Round "1"]
[White "Polgar, Zsuzsa"]
[Black "Taliaferro, Mike"]
[Result "1-0"]
[WhiteElo "2557"]
[BlackElo "1874"]
[PlyCount "47"]
[EventDate "2004.02.14"]
[EventType "swiss"]
[EventRounds "7"]
[EventCountry "USA"]
[Source "ChessBase"]
[SourceDate "2005.11.24"]

1. d4 Nf6 2. Nf3 d5 3. c4 e6 4. Nc3 c6 5. e3 Nbd7 6. Bd3 Be7 7. b3 O-O 8. O-O
b6 9. Bb2 Bb7 10. Qe2 c5 11. cxd5 exd5 12. Rad1 Rc8 13. Bf5 Rc7 14. Nb5 Ba6 15.
Bd3 Rb7 16. Ne5 Nxe5 17. dxe5 Ne8 18. Nc3 Bxd3 19. Qxd3 Nc7 20. Nxd5 Nxd5 21.
Qxd5 Qxd5 22. Rxd5 Rd8 23. e4 Rxd5 24. exd5 1-0

[Event "Dream Team Challenge"]
[Site "Saltwater"]
[Date "2004.02.14"]
[Round "2"]
[White "Braunlich, Tom"]
[Black "Polgar, Zsuzsa"]
[Result "0-1"]
[WhiteElo "2160"]
[BlackElo "2557"]
[PlyCount "68"]
[EventDate "2004.02.14"]
[EventType "swiss"]
[EventRounds "7"]
[EventCountry "USA"]
[Source "ChessBase"]
[SourceDate "2005.11.24"]

1. d4 f5 2. Nc3 d5 3. Bg5 g6 4. Qd2 Bg7 5. e3 Nf6 6. Bxf6 Bxf6 7. O-O-O e6 8.
Kb1 c5 9. dxc5 Qe7 10. Bb5+ Bd7 11. Nge2 a6 12. Bxd7+ Nxd7 13. Na4 Nxc5 14.
Nxc5 Qxc5 15. Nd4 Kf7 16. c4 Rhd8 17. b4 Qe7 18. c5 a5 19. bxa5 Qxc5 20. Rc1
Qe7 21. Rc2 Rd7 22. Rhc1 Qd8 23. Nb3 b6 24. axb6 Qxb6 25. Rc6 Qb5 26. Qc2 Raa7
27. Rc5 Qb4 28. Qd2 Qb7 29. Qd3 Qb4 30. Rb5 Qh4 31. Nc5 Re7 32. Qc2 Qxh2 33. g3
Qh3 34. a4 Qg4 0-1

[Event "Dream Team Challenge"]
[Site "Saltwater"]
[Date "2004.02.15"]
[Round "3"]
[White "Polgar, Zsuzsa"]
[Black "Langer, Mikhail"]
[Result "1-0"]
[WhiteElo "2557"]
[BlackElo "2300"]
[PlyCount "55"]
[EventDate "2004.02.14"]
[EventType "swiss"]
[EventRounds "7"]
[EventCountry "USA"]
[Source "ChessBase"]
[SourceDate "2005.11.24"]

1. d4 Nf6 2. Nf3 e6 3. c4 c5 4. d5 exd5 5. cxd5 d6 6. Nc3 g6 7. e4 Bg7 8. Bf4
O-O 9. Nd2 a6 10. a4 Re8 11. Be2 Qc7 12. O-O Nbd7 13. h3 Ne5 14. Be3 Rb8 15.
Qc2 c4 16. f4 Ned7 17. Nxc4 Nc5 18. e5 Bf5 19. exd6 Qd8 20. Qd1 Nfe4 21. Nxe4
Nxe4 22. Bb6 Qh4 23. Bg4 Ng3 24. d7 Rf8 25. Re1 Bf6 26. Bf2 b5 27. axb5 axb5
28. Ne5 1-0

[Event "Dream Team Challenge"]
[Site "Saltwater"]
[Date "2004.02.15"]
[Round "4"]
[White "Sellers, Matt"]
[Black "Polgar, Zsuzsa"]
[Result "0-1"]
[WhiteElo "2100"]
[BlackElo "2557"]
[PlyCount "78"]
[EventDate "2004.02.14"]
[EventType "swiss"]
[EventRounds "7"]
[EventCountry "USA"]
[Source "ChessBase"]
[SourceDate "2005.11.24"]

1. Nf3 Nf6 2. g3 d5 3. Bg2 c6 4. d3 Bg4 5. Nbd2 Nbd7 6. O-O e5 7. e4 dxe4 8.
dxe4 Bc5 9. c3 a5 10. h3 Bxf3 11. Qxf3 O-O 12. Nc4 Qc7 13. Ne3 Ne8 14. Rd1 Nd6
15. Ng4 Rad8 16. Be3 f6 17. Qe2 Rf7 18. Rd2 Bxe3 19. Nxe3 Nf8 20. h4 Re7 21.
Rad1 Ree8 22. Bh3 Nf7 23. Qc4 Rxd2 24. Rxd2 Rd8 25. Rd5 Qb6 26. Qc5 Qxc5 27.
Rxc5 Ra8 28. Nc4 a4 29. Nb6 Ra6 30. Nc8 Nd8 31. Bf1 b5 32. Bh3 g6 33. f4 Kg7
34. fxe5 Nfe6 35. Rd5 cxd5 36. exd5 Nc7 37. e6 Nxd5 38. e7 Nxe7 39. Nxe7 Rd6
0-1

[Event "Dream Team Challenge"]
[Site "Saltwater"]
[Date "2004.02.15"]
[Round "5"]
[White "Polgar, Zsuzsa"]
[Black "Kalivas, Jason"]
[Result "1-0"]
[WhiteElo "2557"]
[BlackElo "1774"]
[PlyCount "43"]
[EventDate "2004.02.14"]
[EventType "swiss"]
[EventRounds "7"]
[EventCountry "USA"]
[Source "ChessBase"]
[SourceDate "2005.11.24"]

1. d4 d5 2. c4 e6 3. Nc3 Nf6 4. cxd5 exd5 5. Bg5 Be6 6. e3 c6 7. Bd3 Be7 8. Qc2
Nbd7 9. Nge2 O-O 10. O-O h6 11. Bh4 c5 12. dxc5 Nxc5 13. Bf5 Rc8 14. Nd4 Bxf5
15. Qxf5 g5 16. Bxg5 hxg5 17. Qxg5+ Kh8 18. Nf5 Ne6 19. Qh4+ Kg8 20. f4 Rc7 21.
Rf3 Ne8 22. Qh6 1-0

[Event "Dream Team Challenge"]
[Site "Saltwater"]
[Date "2004.02.16"]
[Round "6"]
[White "Polgar, Zsuzsa"]
[Black "Hulsey, Mark A"]
[Result "1-0"]
[WhiteElo "2557"]
[BlackElo "2290"]
[PlyCount "55"]
[EventDate "2004.02.14"]
[EventType "swiss"]
[EventRounds "7"]
[EventCountry "USA"]
[Source "ChessBase"]
[SourceDate "2005.11.24"]

1. d4 Nf6 2. c4 g6 3. Nc3 Bg7 4. e4 d6 5. h3 O-O 6. Bg5 h6 7. Be3 c5 8. d5 e6
9. Bd3 Nbd7 10. Nf3 exd5 11. exd5 Re8 12. O-O Nh5 13. Qd2 Kh7 14. Rae1 f5 15.
g4 fxg4 16. hxg4 Nhf6 17. g5 Ng4 18. gxh6 Nde5 19. Ng5+ Kg8 20. hxg7 Nxd3 21.
Qxd3 Bf5 22. Nce4 Ne5 23. Qe2 Kxg7 24. Kg2 Qe7 25. Bf4 Nf7 26. Qd2 Qd7 27. Qc3+
Ne5 28. Nxd6 1-0

[Event "Dream Team Challenge"]
[Site "Saltwater"]
[Date "2004.02.16"]
[Round "7"]
[White "Movsisyan, Movses"]
[Black "Polgar, Zsuzsa"]
[Result "1/2-1/2"]
[WhiteElo "2253"]
[BlackElo "2557"]
[PlyCount "35"]
[EventDate "2004.02.14"]
[EventType "swiss"]
[EventRounds "7"]
[EventCountry "USA"]
[Source "ChessBase"]
[SourceDate "2005.11.24"]

1. e4 e5 2. Nf3 Nc6 3. Nc3 Nf6 4. d4 exd4 5. Nd5 Be7 6. Nxd4 Nxd5 7. exd5 Nxd4
8. Qxd4 O-O 9. Be2 Bf6 10. Qd3 d6 11. O-O Re8 12. c3 a5 13. Be3 a4 14. Rfe1 Bd7
15. b4 axb3 16. axb3 g6 17. Bf3 Bf5 18. Qd2 1/2-1/2

[Event "Saltwater sim"]
[Site "Saltwater"]
[Date "2004.02.14"]
[Round "19"]
[White "Billings, Scott"]
[Black "Polgar, Zsuzsa"]
[Result "0-1"]
[WhiteElo "1100"]
[BlackElo "2557"]
[PlyCount "54"]
[EventDate "2004.02.14"]
[EventType "simul (rapid)"]
[EventRounds "19"]
[EventCountry "USA"]
[Source "ChessBase"]
[SourceDate "2005.11.24"]

1. e4 c5 2. Nf3 Nc6 3. Be2 g6 4. c3 Bg7 5. O-O d6 6. d4 Nf6 7. dxc5 Nxe4 8.
cxd6 Nxd6 9. Bd3 O-O 10. Bf4 e5 11. Nxe5 Nxe5 12. Bxe5 Bxe5 13. g3 Bh3 14. Re1
Bg7 15. Qc2 Qb6 16. Nd2 Qc6 17. Be4 Nxe4 18. Qxe4 Rfe8 19. Qxc6 bxc6 20. f4 Bf8
21. b4 Bg7 22. Ne4 Rad8 23. Nf2 Bc8 24. Rxe8+ Rxe8 25. Rc1 Re2 26. c4 Bd4 27.
Rf1 Bh3 0-1

[Event "Saltwater sim"]
[Site "Saltwater"]
[Date "2004.02.14"]
[Round "19"]
[White "Coker, Laurence"]
[Black "Polgar, Zsuzsa"]
[Result "0-1"]
[WhiteElo "1631"]
[BlackElo "2557"]
[PlyCount "98"]
[EventDate "2004.02.14"]
[EventType "simul (rapid)"]
[EventRounds "19"]
[EventCountry "USA"]
[Source "ChessBase"]
[SourceDate "2005.11.24"]

1. e4 c5 2. Nf3 Nc6 3. d4 cxd4 4. Nxd4 g6 5. c4 Nf6 6. Nc3 Nxd4 7. Qxd4 d6 8.
f3 Bg7 9. Be3 O-O 10. Qd2 Be6 11. Rc1 a6 12. Be2 Qa5 13. O-O Rfc8 14. b3 b5 15.
Nd5 Qxd2 16. Bxd2 Nxd5 17. cxd5 Bd7 18. Rxc8+ Rxc8 19. Rc1 Rxc1+ 20. Bxc1 f5
21. Be3 Kf7 22. Kf2 Bc3 23. Bd3 Kf6 24. h4 fxe4 25. fxe4 a5 26. Bg5+ Kf7 27. g3
Bd4+ 28. Be3 Bxe3+ 29. Kxe3 Kf6 30. Kd4 g5 31. Be2 gxh4 32. gxh4 h6 33. a3 Be8
34. b4 axb4 35. axb4 Bd7 36. Bf3 Kg6 37. Be2 Kf6 38. Bf1 Kf7 39. Be2 Kg6 40. e5
Kf5 41. e6 Be8 42. Ke3 Ke5 43. Bf3 Bg6 44. Be2 Kxd5 45. Bxb5 Bf5 46. Be8 Bxe6
47. b5 Kc5 48. Kf4 Bh3 49. Bc6 e5+ 0-1

[Event "Saltwater sim"]
[Site "Saltwater"]
[Date "2004.02.14"]
[Round "19"]
[White "Miller, Webb"]
[Black "Polgar, Zsuzsa"]
[Result "0-1"]
[WhiteElo "1300"]
[BlackElo "2557"]
[PlyCount "72"]
[EventDate "2004.02.14"]
[EventType "simul (rapid)"]
[EventRounds "19"]
[EventCountry "USA"]
[Source "ChessBase"]
[SourceDate "2005.11.24"]

1. d4 Nf6 2. Nf3 g6 3. e3 Bg7 4. Bd3 O-O 5. O-O d5 6. Nbd2 c5 7. b3 Nc6 8. Bb2
cxd4 9. Nxd4 Re8 10. f4 Bd7 11. Rb1 Rc8 12. c4 dxc4 13. Bxc4 a6 14. a4 Nxd4 15.
Bxd4 Bc6 16. Nf3 Be4 17. Rc1 e6 18. Ng5 Bd5 19. Bd3 Rxc1 20. Qxc1 Bxb3 21. Qa1
Nh5 22. Be4 Bxd4 23. Qxd4 Qxd4 24. exd4 Bxa4 25. Bxb7 Bb5 26. Rf3 Rb8 27. Be4
a5 28. g4 Nf6 29. Bd3 Bxd3 30. Rxd3 Nxg4 31. h3 Nf6 32. Kf2 Nd5 33. Kf3 a4 34.
Rd1 a3 35. Ra1 Rb3+ 36. Kg4 h5+ 0-1

[Event "Saltwater sim"]
[Site "Saltwater"]
[Date "2004.02.14"]
[Round "19"]
[White "Polgar, Zsuzsa"]
[Black "Anderson, Greg"]
[Result "1-0"]
[WhiteElo "2557"]
[BlackElo "1420"]
[PlyCount "27"]
[EventDate "2004.02.14"]
[EventType "simul (rapid)"]
[EventRounds "19"]
[EventCountry "USA"]
[Source "ChessBase"]
[SourceDate "2005.11.24"]

1. d4 Nf6 2. Nf3 g6 3. c4 Bg7 4. g3 d6 5. Bg2 O-O 6. O-O Bf5 7. b3 c5 8. Bb2
Ne4 9. Nh4 Qd7 10. Nxf5 Qxf5 11. Qc2 Nc6 12. Bxe4 Nb4 13. Bxf5 Nxc2 14. Bxc2
1-0